000 00362nam a2200109Ia 4500
008 171204s9999 xx 000 0 und d
245 _aStaging Corruption: Chinese Television and Politics: (Contemporary Chinese Studies)
245 _cRuoyun Bai
260 _c2014
650 _xTV PRODUCTION AND DIRECTION
856 _uhttp://down.ebook777.com/040/0774826312.pdf
999 _c346194
_d346194